L E Jones (Insurance Brokers) Ltd v Portsmouth CC (Record no. 71707)
[ view plain ]
| 000 -LEADER | |
|---|---|
| fixed length control field | 01263cam a2200253 4500 |
| 001 - CONTROL NUMBER | |
| control field | ABS66174 |
| 008 - FIXED-LENGTH DATA ELEMENTS--GENERAL INFORMATION | |
| fixed length control field | 021204n2002 000 0 eng u |
| 035 ## - SYSTEM CONTROL NUMBER | |
| System control number | (Sirsi) u120663 |
| 245 ## - TITLE STATEMENT | |
| Title | L E Jones (Insurance Brokers) Ltd v Portsmouth CC |
| 260 ## - PUBLICATION, DISTRIBUTION, ETC. | |
| Date of publication, distribution, etc. | 2002 |
| 490 ## - SERIES STATEMENT | |
| Series statement | Estates Gazette |
| Volume/sequential designation | [2002] 47 EG 146 (CS) |
| 490 ## - SERIES STATEMENT | |
| Series statement | Estates Gazette |
| Volume/sequential designation | [2003] 15 EG 139-143 |
| 490 ## - SERIES STATEMENT | |
| Series statement | Building Law Reports |
| Volume/sequential designation | [2003] BLR 67-78(13 |
| 490 ## - SERIES STATEMENT | |
| Series statement | Court of Appeal (Civil Division) |
| Volume/sequential designation | [2002] EWCA Civil 1723 |
| 520 ## - SUMMARY, ETC. | |
| Summary, etc. | CA 7 November 2002. It was found that a local authority, the appellant (P), was liable for damage to the respondent's (L) property caused by tree roots. The trees were on land owned by Hampshire CC but P maintained the land and trees under an agency agreement. Failure to maintain the trees led to soil desiccation and the need for L's property to be underpinned. It was held that the agreement was sufficient for P to have prevented or eliminated the nuisance. Held. Appeal was dismissed. |
| 590 ## - LOCAL NOTE (RLIN) | |
| Local note | ABS |
| 650 ## - SUBJECT ADDED ENTRY--TOPICAL TERM | |
| Topical term or geographic name entry element | L E JONES (INSURANCE BROKERS) V PORTSMOUTH CC |
| 650 ## - SUBJECT ADDED ENTRY--TOPICAL TERM | |
| Topical term or geographic name entry element | LIABILITY |
| 650 ## - SUBJECT ADDED ENTRY--TOPICAL TERM | |
| Topical term or geographic name entry element | TREE ROOT SUBSIDENCE |
| 650 ## - SUBJECT ADDED ENTRY--TOPICAL TERM | |
| Topical term or geographic name entry element | AGENCY AGREEMENTS |
| 650 ## - SUBJECT ADDED ENTRY--TOPICAL TERM | |
| Topical term or geographic name entry element | NUISANCE |
| 690 ## - LOCAL SUBJECT ADDED ENTRY--TOPICAL TERM (OCLC, RLIN) | |
| Topical term or geographic name as entry element | PROPERTY AND LAND LAW-CASE LAW |
| 942 ## - ADDED ENTRY ELEMENTS (KOHA) | |
| Suppress in OPAC | 0 |
| Withdrawn status | Lost status | Source of classification or shelving scheme | Damaged status | Not for loan | Home library | Current library | Shelving location | Date acquired | Total Checkouts | Full call number | Barcode | Date last seen | Copy number | Price effective from | Koha item type |
|---|---|---|---|---|---|---|---|---|---|---|---|---|---|---|---|
| Dewey Decimal Classification | London | London | Journal article | 04/12/2002 | ABS66174 | 120663-1001 | 06/08/2019 | 1 | 06/08/2019 | Law report |